[Event "39. Offene Stadtmeisterschaft"]
[Site "Bergisch Gladbach"]
[Date "2017.09.15"]
[Round "3.5"]
[White "Thelen, Harm-Wulf"]
[Black "Henseler, Klaus"]
[Result "1/2-1/2"]
[WhiteElo "1894"]
[BlackElo "1801"]
[PlyCount "82"]
[EventDate "2017.??.??"]
[EventType "swiss"]
[EventRounds "7"]

1. c4 Nf6 2. Nc3 g6 3. g3 Bg7 4. Bg2 O-O 5. Nf3 d6 6. O-O e5 7. d3 Nbd7 8. Rb1
a5 9. a3 c6 10. b4 axb4 11. axb4 Nb6 12. e4 h6 13. h3 Be6 14. Be3 Nbd7 15. Qb3
b5 16. Nd2 Nb6 17. Ra1 Qc7 18. Rxa8 Rxa8 19. f4 exf4 20. gxf4 Nh5 21. f5 gxf5
22. exf5 bxc4 23. dxc4 Bd7 24. c5 Nc8 25. Ne2 Rb8 26. Qc4 Qd8 27. Qg4 Nf6 28.
Qg3 Kh7 29. Ne4 Rxb4 30. Nxd6 Nxd6 31. Qxd6 Ne8 32. Qd2 Rb2 33. Qd1 Qe7 34. Rf3
Bxf5 35. Rxf5 Qxe3+ 36. Rf2 Qxc5 37. Be4+ Kg8 38. Qd7 Qf8 39. Bxc6 Nf6 40. Qf5
Qd6 41. Bf3 Qd7 1/2-1/2

[Event "39. Offene Stadtmeisterschaft"]
[Site "Bergisch Gladbach"]
[Date "2017.09.15"]
[Round "3.6"]
[White "Heckötter, Christian"]
[Black "Radovinski, Jewgeni"]
[Result "1-0"]
[WhiteElo "1972"]
[BlackElo "1519"]
[PlyCount "39"]
[EventDate "2017.??.??"]
[EventType "swiss"]
[EventRounds "7"]

1. d4 Nf6 2. Nf3 c5 3. d5 d6 4. Nc3 Bf5 5. Nh4 Qd7 6. e4 Bg4 7. f3 a6 8. fxg4
Nxg4 9. Be2 h5 10. a4 g6 11. O-O Bg7 12. Nf3 h4 13. h3 f5 14. exf5 gxf5 15.
hxg4 fxg4 16. Qd3 gxf3 17. Qg6+ Kf8 18. Rxf3+ Kg8 19. Rf7 Rh7 20. Bh6 1-0

[Event "39. Offene Stadtmeisterschaft"]
[Site "Bergisch Gladbach"]
[Date "2017.09.15"]
[Round "3.7"]
[White "Harringer, Manfred"]
[Black "Shelukie, Magd"]
[Result "1-0"]
[WhiteElo "1943"]
[BlackElo "1371"]
[PlyCount "87"]
[EventDate "2017.??.??"]
[EventType "swiss"]
[EventRounds "7"]

1. e4 c5 2. Nf3 Nc6 3. Bb5 Nd4 4. Nxd4 cxd4 5. O-O e5 6. c3 Bc5 7. cxd4 Bxd4 8.
Nc3 Nf6 9. d3 Qb6 10. a4 O-O 11. Bg5 Ne8 12. Be7 Nf6 13. Bxf8 Kxf8 14. a5 Qc5
15. Bc4 d6 16. h3 Be6 17. Bxe6 fxe6 18. Qb3 Re8 19. Nb5 d5 20. Nxd4 Qxd4 21.
exd5 exd5 22. Rac1 Re7 23. Qc3 Qxc3 24. Rxc3 Kf7 25. Rfc1 e4 26. dxe4 Nxe4 27.
Rc7 Nd6 28. Rxe7+ Kxe7 29. Rc7+ Kf6 30. Kf1 h6 31. Rd7 Nc4 32. Rxb7 Nxa5 33.
Rxa7 Nc4 34. b4 d4 35. Ke2 Ne5 36. f4 Nf7 37. Kd3 Nd6 38. Ra6 Ke7 39. Kxd4 Nf5+
40. Ke5 Nh4 41. Ra7+ Kf8 42. b5 Ng6+ 43. Kf5 Ne7+ 44. Ke6 1-0

[Event "39. Offene Stadtmeisterschaft"]
[Site "Bergisch Gladbach"]
[Date "2017.09.15"]
[Round "3.8"]
[White "Schüers, Christian"]
[Black "Lawrenz, Sebastian"]
[Result "0-1"]
[WhiteElo "1548"]
[BlackElo "1868"]
[PlyCount "52"]
[EventDate "2017.??.??"]
[EventType "swiss"]
[EventRounds "7"]

1. d4 Nf6 2. Nf3 e6 3. Bg5 d5 4. e3 Nbd7 5. Nbd2 Be7 6. c4 c6 7. Bd3 h6 8. Bh4
a5 9. O-O O-O 10. a3 b6 11. Ne5 Nxe5 12. dxe5 Nd7 13. Bxe7 Qxe7 14. Nf3 Bb7 15.
Rc1 Rfd8 16. Qe2 Nc5 17. Rfd1 Nxd3 18. Rxd3 Ba6 19. Nd2 Rd7 20. e4 Rad8 21.
exd5 cxd5 22. Qg4 dxc4 23. Rxd7 Qxd7 24. Ne4 Qd4 25. Nf6+ Kf8 26. Nh7+ Ke7 0-1

[Event "39. Offene Stadtmeisterschaft"]
[Site "Bergisch Gladbach"]
[Date "2017.09.15"]
[Round "3.10"]
[White "Grothe, Karl Josef"]
[Black "Behle, Burkhard"]
[Result "0-1"]
[WhiteElo "1142"]
[BlackElo "1797"]
[PlyCount "84"]
[EventDate "2017.??.??"]
[EventType "swiss"]
[EventRounds "7"]

1. e4 c5 2. f4 Nc6 3. Nf3 e6 4. Bc4 a6 5. a3 b5 6. Be2 Bb7 7. O-O d6 8. d3 Nf6
9. Be3 Ng4 10. Bf2 Nxf2 11. Rxf2 Qb6 12. c4 Be7 13. g3 Bf6 14. Nc3 Nd4 15. Ng5
h6 16. Nh3 Bc6 17. Bf1 bxc4 18. Na4 Qb3 19. Qxb3 Nxb3 20. Nb6 Rb8 21. Nxc4 Nxa1
22. Nxd6+ Kd7 23. e5 Be7 24. Nxf7 Rhf8 25. Nd6 Bxd6 26. exd6 Nb3 27. Bg2 Bxg2
28. Kxg2 Kxd6 29. Rc2 Nd4 30. Rd2 Rb3 31. Nf2 Rfb8 32. Ne4+ Kc6 33. Rd1 Rxb2+
34. Nd2 Nb3 35. Kf3 Rxd2 36. Rxd2 Nxd2+ 37. Ke3 Rb2 38. h4 h5 39. a4 Kd5 40. f5
e5 41. g4 hxg4 42. h5 Nf1# 0-1

[Event "39. Offene Stadtmeisterschaft"]
[Site "Bergisch Gladbach"]
[Date "2017.09.15"]
[Round "3.13"]
[White "Läufer, Jürgen"]
[Black "Hertling, Jürgen"]
[Result "1-0"]
[WhiteElo "1578"]
[BlackElo "1624"]
[PlyCount "91"]
[EventDate "2017.??.??"]
[EventType "swiss"]
[EventRounds "7"]

1. e4 e5 2. Nf3 Nc6 3. d4 exd4 4. Nxd4 Qf6 5. Nxc6 Bc5 6. Qd2 Qxc6 7. Bd3 Nf6
8. Nc3 O-O 9. O-O a6 10. a3 Re8 11. Qf4 d6 12. Qh4 h6 13. Bxh6 gxh6 14. Qxf6
Re6 15. Qh4 Rg6 16. Nd5 Kg7 17. Ne7 Rg4 18. Qxg4+ Bxg4 19. Nxc6 bxc6 20. h3 Be6
21. Kh2 d5 22. f4 dxe4 23. Bxe4 Bd5 24. Bd3 Bd6 25. a4 a5 26. b3 Re8 27. g3 Bb4
28. Rf2 Bc3 29. Raf1 Be4 30. Rd1 f5 31. Bxe4 fxe4 32. Rd7+ Kg6 33. Rxc7 e3 34.
Rxc6+ Kf5 35. Re2 Bd2 36. Kg2 Ke4 37. Rc4+ Kd5 38. Kf3 h5 39. g4 hxg4+ 40. hxg4
Rh8 41. g5 Rh1 42. Rc8 Rf1+ 43. Kg3 Ke4 44. Re8+ Kf5 45. Re5+ Kg6 46. R5xe3 1-0

[Event "39. Offene Stadtmeisterschaft"]
[Site "Bergisch Gladbach"]
[Date "2017.09.15"]
[Round "3.14"]
[White "Roder, Stephan"]
[Black "Wilde, Christian"]
[Result "1-0"]
[WhiteElo "1421"]
[BlackElo "1273"]
[PlyCount "101"]
[EventDate "2017.??.??"]
[EventType "swiss"]
[EventRounds "7"]

1. d4 f5 2. Nf3 Nf6 3. e3 e6 4. Nbd2 Be7 5. c4 O-O 6. Bd3 b6 7. e4 fxe4 8. Nxe4
Nxe4 9. Bxe4 Bb4+ 10. Bd2 Bxd2+ 11. Qxd2 d5 12. Bd3 Nd7 13. Qc2 Nf6 14. O-O-O
a5 15. Ne5 dxc4 16. Bxc4 Kh8 17. f3 Qe8 18. Bd3 Ba6 19. Kb1 Bxd3 20. Rxd3 Nd5
21. a3 Nf4 22. Rc3 Nd5 23. Rc6 Ne3 24. Qe4 Nd5 25. Qg4 Rf4 26. Rxe6 Rxg4 27.
Rxe8+ Rxe8 28. fxg4 c5 29. Re1 Kg8 30. dxc5 bxc5 31. Nd3 Rxe1+ 32. Nxe1 Ne3 33.
h3 c4 34. Kc1 a4 35. Kd2 Nd5 36. Nc2 Nf4 37. Ne3 Kf7 38. Kc3 Ke6 39. Kxc4 Kd6
40. b4 axb3 41. Kxb3 Kc6 42. h4 g6 43. Kc4 h6 44. a4 Kb6 45. Nd5+ Nxd5 46. Kxd5
Ka5 47. Ke6 Kxa4 48. Kf6 g5 49. hxg5 hxg5 50. Kxg5 Kb5 51. Kf6 1-0

[Event "39. Offene Stadtmeisterschaft"]
[Site "Bergisch Gladbach"]
[Date "2017.09.15"]
[Round "3.15"]
[White "Felsmann, Helmut"]
[Black "Bernecker, Jan Magnus"]
[Result "1-0"]
[WhiteElo "1402"]
[BlackElo "1020"]
[PlyCount "81"]
[EventDate "2017.??.??"]
[EventType "swiss"]
[EventRounds "7"]

1. e4 e6 2. d4 d5 3. e5 c5 4. Nf3 Nc6 5. Be3 Qb6 6. b3 Bd7 7. Nc3 Nge7 8. Na4
Qa5+ 9. Bd2 Qc7 10. Nxc5 Nxd4 11. Nxd4 Qxc5 12. Be3 Qc3+ 13. Ke2 Nc6 14. Nb5
Nd4+ 15. Nxd4 Bc5 16. Kf3 Bxd4 17. Qxd4 Qxc2 18. Bd3 Qc7 19. Rhc1 Qb8 20. Qb4
Qxe5 21. h3 Bc6 22. Ke2 a5 23. Qd4 Qh5+ 24. Kf1 a4 25. Be2 Qg6 26. g4 f6 27. b4
e5 28. Qc5 d4 29. Bd2 Qe4 30. f3 Qg6 31. b5 Bd7 32. Bb4 Qf7 33. Bc4 Be6 34.
Bxe6 Qxe6 35. Qc7 Rd8 36. Qxb7 Rd7 37. Rc8+ Rd8 38. Rac1 h5 39. Rxd8+ Kxd8 40.
Qb8+ Kd7 41. Rc7# 1-0

[Event "39. Offene Stadtmeisterschaft"]
[Site "Bergisch Gladbach"]
[Date "2017.09.22"]
[Round "4.1"]
[White "Gutt, Oswald"]
[Black "Arlt, Klaus"]
[Result "1/2-1/2"]
[WhiteElo "1846"]
[BlackElo "1964"]
[PlyCount "21"]
[EventDate "2017.??.??"]
[EventType "swiss"]
[EventRounds "7"]

1. c4 c6 2. Nf3 d5 3. d4 Nf6 4. e3 e6 5. Nc3 Nbd7 6. Bd3 Bd6 7. e4 dxe4 8. Nxe4
Nxe4 9. Bxe4 Bb4+ 10. Bd2 Qe7 11. O-O 1/2-1/2

[Event "39. Offene Stadtmeisterschaft"]
[Site "Bergisch Gladbach"]
[Date "2017.09.22"]
[Round "4.2"]
[White "Schnellbacher, Jan Eric"]
[Black "Eilers, Jochen"]
[Result "1/2-1/2"]
[WhiteElo "1757"]
[BlackElo "1999"]
[PlyCount "39"]
[EventDate "2017.??.??"]
[EventType "swiss"]
[EventRounds "7"]

1. e4 c5 2. Nc3 e6 3. f4 Nc6 4. Nf3 Nge7 5. Be2 g6 6. e5 d5 7. O-O Bg7 8. d3
O-O 9. Qe1 Bd7 10. Kh1 b5 11. Nxb5 Nxe5 12. fxe5 Bxb5 13. Bf4 d4 14. Qh4 Nd5
15. Bg5 Qc7 16. Bh6 f6 17. exf6 Bxh6 18. Qxh6 Rxf6 19. Ng5 Qe7 20. Rxf6 1/2-1/2

[Event "39. Offene Stadtmeisterschaft"]
[Site "Bergisch Gladbach"]
[Date "2017.09.22"]
[Round "4.3"]
[White "Behle, Burkhard"]
[Black "Heckötter, Christian"]
[Result "1/2-1/2"]
[WhiteElo "1797"]
[BlackElo "1972"]
[PlyCount "63"]
[EventDate "2017.??.??"]
[EventType "swiss"]
[EventRounds "7"]

1. e4 e6 2. d4 d5 3. exd5 exd5 4. Bd3 Nc6 5. c3 Bd6 6. Ne2 Qh4 7. Be3 Nge7 8.
Qc2 f5 9. g3 Qh5 10. Nd2 Bd7 11. O-O-O O-O-O 12. Bf4 Bxf4 13. Nxf4 Qf7 14. h4
Rde8 15. Nf3 g6 16. Rhe1 h6 17. Bf1 Qf6 18. Ne5 g5 19. hxg5 hxg5 20. Nxd7 Kxd7
21. Nd3 Kc8 22. Nc5 Nd8 23. Qa4 Nec6 24. Bg2 Rxe1 25. Rxe1 Qd6 26. Qc2 Rf8 27.
Qe2 Kb8 28. Qh5 b6 29. Nd3 Rg8 30. Qh7 Rf8 31. Qh5 Rg8 32. Qh7 1/2-1/2

[Event "39. Offene Stadtmeisterschaft"]
[Site "Bergisch Gladbach"]
[Date "2017.09.22"]
[Round "4.4"]
[White "Gnass, Arno"]
[Black "Harringer, Manfred"]
[Result "0-1"]
[WhiteElo "1632"]
[BlackElo "1943"]
[PlyCount "106"]
[EventDate "2017.??.??"]
[EventType "swiss"]
[EventRounds "7"]

1. d4 Nf6 2. Nf3 e6 3. e3 c5 4. b3 cxd4 5. exd4 Nc6 6. Bb2 Be7 7. Nbd2 O-O 8.
a3 b6 9. Bd3 Bb7 10. O-O Qc7 11. Re1 d6 12. Qe2 g6 13. c4 d5 14. Rac1 Rfd8 15.
Ne5 dxc4 16. Rxc4 Qd6 17. Nxc6 Bxc6 18. Rec1 Bb5 19. Rc7 Bxd3 20. Qxd3 Nd5 21.
R7c6 Qf4 22. Nf3 Bf6 23. g3 Qg4 24. Qd1 Qe4 25. Nd2 Qd3 26. Qc2 Qe2 27. Ne4
Qxc2 28. Nxf6+ Nxf6 29. R1xc2 Nd5 30. Kg2 h5 31. Kf3 Rd7 32. h4 Kg7 33. Ke4 Kf6
34. f4 Rad8 35. Kf3 Kf5 36. Rc8 Rxc8 37. Rxc8 Rc7 38. Rxc7 Nxc7 39. a4 a6 40.
Ba3 Nd5 41. Bd6 b5 42. axb5 axb5 43. Bc5 Nc3 44. Bb4 Ne4 45. Bc5 Nd2+ 46. Ke3
Nxb3 47. Kd3 Na5 48. Bd6 Nc6 49. Bc7 Kg4 50. Bd6 f5 51. Be5 Kxg3 52. Ke3 Nb4
53. d5 Nxd5+ 0-1

[Event "39. Offene Stadtmeisterschaft"]
[Site "Bergisch Gladbach"]
[Date "2017.09.22"]
[Round "4.5"]
[White "Graß, Jonathan"]
[Black "Thelen, Harm-Wulf"]
[Result "0-1"]
[WhiteElo "1516"]
[BlackElo "1894"]
[PlyCount "60"]
[EventDate "2017.??.??"]
[EventType "swiss"]
[EventRounds "7"]

1. f4 g6 2. e3 Bg7 3. Nf3 c5 4. c3 d6 5. d4 Qc7 6. Be2 Nf6 7. O-O O-O 8. Nbd2
Nd5 9. Ne4 e6 10. Bd2 f5 11. Nf2 Nc6 12. Bc4 Nf6 13. dxc5 dxc5 14. Ng5 Re8 15.
e4 h6 16. e5 hxg5 17. exf6 Bxf6 18. fxg5 Be5 19. h3 Bh2+ 20. Kh1 Ne5 21. Be2 c4
22. Be3 Bd7 23. Qc2 Bc6 24. Bd4 b5 25. Bxe5 Bxe5 26. b3 Qb7 27. Rg1 cxb3 28.
Qxb3 Qb6 29. Nd3 Qe3 30. Nxe5 Qxh3# 0-1

[Event "39. Offene Stadtmeisterschaft"]
[Site "Bergisch Gladbach"]
[Date "2017.09.22"]
[Round "4.6"]
[White "Lawrenz, Sebastian"]
[Black "Henseler, Klaus"]
[Result "1-0"]
[WhiteElo "1868"]
[BlackElo "1801"]
[PlyCount "77"]
[EventDate "2017.??.??"]
[EventType "swiss"]
[EventRounds "7"]

1. e4 c5 2. Nf3 d6 3. d4 cxd4 4. Nxd4 Nf6 5. Nc3 a6 6. f4 e6 7. Qf3 Qc7 8. g4
Nc6 9. Nb3 h6 10. Be3 b5 11. Bg2 Bb7 12. a3 O-O-O 13. Qe2 Nd7 14. O-O Nc5 15.
Nd2 Re8 16. Qf2 Nd7 17. Rac1 Kb8 18. Ne2 Be7 19. c4 b4 20. Rfd1 g5 21. Nb3 gxf4
22. Nxf4 Nde5 23. h3 Nd7 24. Nd5 Qd8 25. Nxe7 Qxe7 26. c5 dxc5 27. Nxc5 Nde5
28. Qg3 Rd8 29. axb4 f6 30. Bf4 Ka8 31. Qc3 Nd4 32. Qe3 Nec6 33. Nxb7 Kxb7 34.
e5 Qxb4 35. exf6 Qb6 36. Kh1 Ka7 37. Qe4 Rd7 38. Rxc6 Qxc6 39. Qxc6 1-0

[Event "39. Offene Stadtmeisterschaft"]
[Site "Bergisch Gladbach"]
[Date "2017.09.22"]
[Round "4.7"]
[White "Rosenauer, Horst"]
[Black "Plitzner, Hans Joachim"]
[Result "1-0"]
[WhiteElo "1817"]
[BlackElo "1630"]
[PlyCount "41"]
[EventDate "2017.??.??"]
[EventType "swiss"]
[EventRounds "7"]

1. e4 c6 2. d4 d5 3. exd5 cxd5 4. c4 Nf6 5. Nc3 Nc6 6. Bg5 dxc4 7. Nf3 Bg4 8.
Bxc4 e6 9. d5 exd5 10. Bxd5 Bb4 11. Bxc6+ bxc6 12. Qa4 Bxc3+ 13. bxc3 Bxf3 14.
gxf3 O-O 15. O-O h6 16. Rad1 Qc7 17. Bxf6 gxf6 18. Qh4 Kh7 19. Qxf6 Rg8+ 20.
Kh1 Rg6 21. Qf5 1-0

[Event "39. Offene Stadtmeisterschaft"]
[Site "Bergisch Gladbach"]
[Date "2017.09.22"]
[Round "4.8"]
[White "Lobbes, Frank"]
[Black "Stuch, Hans-Ferdinand"]
[Result "1-0"]
[WhiteElo "1718"]
[BlackElo "1599"]
[PlyCount "35"]
[EventDate "2017.??.??"]
[EventType "swiss"]
[EventRounds "7"]

1. e4 e5 2. Nc3 Nf6 3. f4 Bb4 4. fxe5 Bxc3 5. bxc3 Nxe4 6. Qg4 Ng5 7. d4 h6 8.
Bd3 d5 9. Qg3 c5 10. Nf3 c4 11. Nxg5 hxg5 12. Be2 f6 13. O-O Be6 14. exf6 gxf6
15. Ba3 Nd7 16. Qe3 Kf7 17. Qxg5 Ke8 18. Bh5+ 1-0

[Event "39. Offene Stadtmeisterschaft"]
[Site "Bergisch Gladbach"]
[Date "2017.09.22"]
[Round "4.10"]
[White "Shelukie, Magd"]
[Black "Läufer, Jürgen"]
[Result "1-0"]
[WhiteElo "1371"]
[BlackElo "1578"]
[PlyCount "101"]
[EventDate "2017.??.??"]
[EventType "swiss"]
[EventRounds "7"]

1. e4 c5 2. Nf3 Nc6 3. Bb5 a6 4. Bxc6 bxc6 5. Nc3 d6 6. d3 e5 7. h3 Be7 8. Be3
Nf6 9. Qd2 O-O 10. O-O Rb8 11. Rab1 Qc7 12. Na4 Nd7 13. c4 Nb6 14. Nc3 f5 15.
g3 fxe4 16. Ng5 Bxg5 17. Bxg5 exd3 18. Kg2 Bf5 19. b3 d5 20. g4 Bg6 21. f4 e4
22. f5 Bf7 23. Bf4 Qd7 24. Bxb8 Rxb8 25. f6 Rf8 26. fxg7 Kxg7 27. Qg5+ Kh8 28.
Rf6 Rg8 29. Qe5 Rg7 30. Re1 Kg8 31. Rd6 Qe8 32. Qxe8+ Bxe8 33. cxd5 Nxd5 34.
Nxd5 cxd5 35. Rxd5 Re7 36. Re3 Kf8 37. Kf2 Bg6 38. h4 h6 39. h5 Bh7 40. Ke1 Kf7
41. Rxc5 Re6 42. Rc7+ Re7 43. Rc6 Re6 44. Rc7+ Re7 45. Rxe7+ Kxe7 46. Rg3 Ke6
47. Kd2 Ke5 48. Ke3 a5 49. Rg1 Bg8 50. g5 hxg5 51. Rxg5+ 1-0

[Event "39. Offene Stadtmeisterschaft"]
[Site "Bergisch Gladbach"]
[Date "2017.09.22"]
[Round "4.11"]
[White "Hoferichter, Michael"]
[Black "Schüers, Christian"]
[Result "1-0"]
[WhiteElo "1307"]
[BlackElo "1548"]
[PlyCount "83"]
[EventDate "2017.??.??"]
[EventType "swiss"]
[EventRounds "7"]

1. e4 d6 2. d4 g6 3. Nc3 Bg7 4. Be3 c6 5. f4 Nf6 6. Nf3 Bg4 7. Be2 b5 8. a3 O-O
9. O-O a6 10. Qe1 Nbd7 11. Rd1 Qc7 12. Qh4 Bxf3 13. Rxf3 Rfe8 14. Rh3 Nf8 15.
f5 e6 16. Bh6 exf5 17. Bxg7 Kxg7 18. exf5 d5 19. Rf1 Qd6 20. Qh6+ Kg8 21. g4
Nxg4 22. Bxg4 Qf6 23. Rd3 Qg7 24. Qxg7+ Kxg7 25. fxg6 hxg6 26. Ne2 Re7 27. Rg3
Raa7 28. Nf4 Re4 29. c3 Ree7 30. Bf5 Rac7 31. h4 Kh6 32. Bd3 Ra7 33. Kg2 Rac7
34. Rg5 f5 35. Kf2 Ra7 36. Rfg1 Re4 37. Bxe4 fxe4 38. Nxg6 Rf7+ 39. Ke2 Ne6 40.
Ne5 Nf4+ 41. Ke3 Nh3 42. Nxf7+ 1-0

[Event "39. Offene Stadtmeisterschaft"]
[Site "Bergisch Gladbach"]
[Date "2017.09.22"]
[Round "4.12"]
[White "Radovinski, Jewgeni"]
[Black "Grothe, Karl Josef"]
[Result "1-0"]
[WhiteElo "1519"]
[BlackElo "1142"]
[PlyCount "83"]
[EventDate "2017.??.??"]
[EventType "swiss"]
[EventRounds "7"]

1. d4 g6 2. e4 c6 3. Nc3 e6 4. Nf3 Bb4 5. Bd2 Bxc3 6. Bxc3 d5 7. exd5 cxd5 8.
Ne5 Nf6 9. Bb4 a5 10. Bb5+ Nc6 11. Nxc6 bxc6 12. Bxc6+ Bd7 13. Bxa8 axb4 14.
Qf3 Qe7 15. Bb7 Bb5 16. a4 Bd7 17. a5 Ne4 18. a6 O-O 19. a7 Qg5 20. O-O Nd2 21.
Qe3 Qxe3 22. fxe3 Nxf1 23. a8=Q Nxe3 24. Qa6 Nxc2 25. Rc1 Nxd4 26. Bc8 Bb5 27.
Qa1 Ne2+ 28. Kf2 Nxc1 29. Qxc1 b3 30. h4 Bc4 31. Bb7 Rb8 32. Bc6 Rc8 33. Bb5
Rc5 34. Bxc4 dxc4 35. Ke3 e5 36. g4 h6 37. Ke4 Kg7 38. g5 h5 39. Qf1 f5+ 40.
gxf6+ Kf7 41. Qd1 Rc6 42. Qd7+ 1-0

[Event "39. Offene Stadtmeisterschaft"]
[Site "Bergisch Gladbach"]
[Date "2017.09.22"]
[Round "4.13"]
[White "Roder, Stephan"]
[Black "Blüggel, Theodor"]
[Result "1-0"]
[WhiteElo "1421"]
[BlackElo "942"]
[PlyCount "61"]
[EventDate "2017.??.??"]
[EventType "swiss"]
[EventRounds "7"]

1. d4 d5 2. Nf3 Nc6 3. Bf4 e6 4. e3 Nf6 5. Bd3 Be7 6. O-O O-O 7. c3 Ne4 8. Nbd2
f5 9. h3 g5 10. Bh2 h6 11. Bxe4 dxe4 12. Ne5 Qe8 13. b4 Bd6 14. Ndc4 Kh7 15. a4
Rg8 16. Qc2 Qe7 17. Nxd6 cxd6 18. Nc4 e5 19. b5 Nd8 20. dxe5 Nf7 21. exd6 Qd7
22. Rad1 b6 23. Qd2 Bb7 24. Qd4 Rac8 25. Ne5 Qe6 26. Nxf7 Qxf7 27. Rc1 Qd7 28.
Rfd1 Rc5 29. Qf6 Re8 30. c4 Rf8 31. Qxf8 1-0

[Event "39. Offene Stadtmeisterschaft"]
[Site "Bergisch Gladbach"]
[Date "2017.09.22"]
[Round "4.14"]
[White "Johann, Hans Werner"]
[Black "Felsmann, Helmut"]
[Result "1/2-1/2"]
[WhiteElo "1279"]
[BlackElo "1402"]
[PlyCount "187"]
[EventDate "2017.??.??"]
[EventType "swiss"]
[EventRounds "7"]

1. d4 e6 2. a3 d5 3. e3 Be7 4. Nf3 Nf6 5. Be2 Nbd7 6. O-O O-O 7. Nbd2 c5 8.
dxc5 Nxc5 9. b4 Na4 10. Qe1 Bd7 11. Nb3 Rc8 12. Nbd4 Ne4 13. Bd2 Bf6 14. Rc1 e5
15. Nb3 Nac3 16. Bxc3 Nxc3 17. Nc5 Nxe2+ 18. Qxe2 Bc6 19. Rfd1 Qe7 20. c4 Rcd8
21. cxd5 Bxd5 22. e4 Be6 23. Nxe6 Qxe6 24. Rxd8 Rxd8 25. Qc2 h6 26. h3 Kh7 27.
Qc4 Qe7 28. Qc5 Rd7 29. Qxa7 Qd8 30. Qe3 Rd3 31. Qa7 Qd7 32. Re1 Qc6 33. Qc5
Rxa3 34. Qxc6 bxc6 35. Rc1 Rb3 36. Rxc6 Rxb4 37. Nd2 Rd4 38. Rc2 Bg5 39. Nf3
Rxe4 40. Nxg5+ hxg5 41. f3 Rd4 42. Rc7 Kg6 43. Rc6+ f6 44. Kh2 Rd2 45. Rc4 Rd4
46. Rc5 e4 47. fxe4 Rxe4 48. Rc3 Rf4 49. Rc6 Re4 50. Kg3 Rd4 51. Kf3 Rd7 52.
Ra6 Rd3+ 53. Kg4 Rd2 54. Kg3 Re2 55. Rb6 Re5 56. Kg4 Re4+ 57. Kf3 Kf5 58. Rb5+
Re5 59. Rb7 Kg6 60. Rb6 Re1 61. Kf2 Rc1 62. Kg3 Rc4 63. Kf3 Kh7 64. Ra6 Rf4+
65. Kg3 Rf1 66. Rb6 f5 67. Rb5 Kh6 68. Rb6+ g6 69. Rb8 Rc1 70. Kf3 Rc3+ 71. Kf2
g4 72. hxg4 fxg4 73. Rb4 g3+ 74. Ke2 Kh5 75. Rb5+ g5 76. Rd5 Kh4 77. Rd6 g4 78.
Rd3 Rc5 79. Rd1 Re5+ 80. Kf1 Rf5+ 81. Kg1 Re5 82. Kf1 Kg5 83. Re1 Rc5 84. Rd1
Rc4 85. Kg1 Kf4 86. Kf1 Ke3 87. Re1+ Kd2 88. Re2+ Kd3 89. Re1 Rc2 90. Rd1+ Kc3
91. Re1 Rf2+ 92. Kg1 Kd3 93. Ra1 Rc2 94. Ra3+ 1/2-1/2

[Event "39. Offene Stadtmeisterschaft"]
[Site "Bergisch Gladbach"]
[Date "2017.09.29"]
[Round "5.1"]
[White "Arlt, Klaus"]
[Black "Lawrenz, Sebastian"]
[Result "1/2-1/2"]
[WhiteElo "1964"]
[BlackElo "1868"]
[PlyCount "60"]
[EventDate "2017.??.??"]
[EventType "swiss"]
[EventRounds "7"]

1. Nf3 Nf6 2. c4 g6 3. g3 Bg7 4. Bg2 d6 5. O-O O-O 6. d3 Nbd7 7. Nc3 a6 8. h3
e5 9. Be3 h6 10. Rc1 c6 11. Nh2 Nh5 12. Qd2 Kh7 13. g4 Nhf6 14. g5 Ng8 15. Ne4
Qe7 16. f4 f5 17. gxh6 Bxh6 18. Nf2 Ndf6 19. fxe5 Bxe3 20. Qxe3 Qxe5 21. Qxe5
dxe5 22. e4 Nh6 23. Nf3 Re8 24. exf5 Bxf5 25. Rfe1 Nf7 26. Re3 Re7 27. Rce1
Rae8 28. d4 Nd7 29. Kh2 Kg7 30. b3 a5 1/2-1/2

[Event "39. Offene Stadtmeisterschaft"]
[Site "Bergisch Gladbach"]
[Date "2017.09.29"]
[Round "5.2"]
[White "Eilers, Jochen"]
[Black "Gutt, Oswald"]
[Result "1/2-1/2"]
[WhiteElo "1999"]
[BlackElo "1846"]
[PlyCount "24"]
[EventDate "2017.??.??"]
[EventType "swiss"]
[EventRounds "7"]

1. g3 c5 2. Bg2 e6 3. c4 d5 4. Nf3 Nc6 5. O-O Nf6 6. b3 Be7 7. Bb2 O-O 8. e3 b6
9. d4 Ba6 10. Nbd2 Rc8 11. Re1 cxd4 12. exd4 dxc4 1/2-1/2

[Event "39. Offene Stadtmeisterschaft"]
[Site "Bergisch Gladbach"]
[Date "2017.09.29"]
[Round "5.3"]
[White "Harringer, Manfred"]
[Black "Themm, Rainer"]
[Result "0-1"]
[WhiteElo "1943"]
[BlackElo "1833"]
[PlyCount "50"]
[EventDate "2017.??.??"]
[EventType "swiss"]
[EventRounds "7"]

1. e4 c5 2. Nf3 e6 3. c4 Nc6 4. Nc3 g6 5. d4 cxd4 6. Nxd4 Bg7 7. Ndb5 a6 8.
Nd6+ Ke7 9. Be3 Qa5 10. Qd2 Nf6 11. Be2 Ne8 12. Rd1 Nxd6 13. Qxd6+ Ke8 14. O-O
Be5 15. Qd2 Qd8 16. c5 h6 17. f4 Bc7 18. g3 b5 19. b4 Rg8 20. a3 Rb8 21. f5
gxf5 22. exf5 Bxg3 23. hxg3 Rxg3+ 24. Kf2 Qh4 25. Rh1 Rh3+ 0-1

[Event "39. Offene Stadtmeisterschaft"]
[Site "Bergisch Gladbach"]
[Date "2017.09.29"]
[Round "5.4"]
[White "Thelen, Harm-Wulf"]
[Black "Rosenauer, Horst"]
[Result "0-1"]
[WhiteElo "1894"]
[BlackElo "1817"]
[PlyCount "122"]
[EventDate "2017.??.??"]
[EventType "swiss"]
[EventRounds "7"]

1. c4 e5 2. g3 c6 3. d4 e4 4. Bg2 d5 5. Nc3 h6 6. Bf4 Nf6 7. Qb3 a5 8. c5 Be7
9. Na4 Nbd7 10. Nh3 O-O 11. O-O Re8 12. Bd2 Bf8 13. e3 Ra6 14. Rac1 Nh7 15. Kh1
Ndf6 16. Nb6 Bg4 17. Ng1 Ng5 18. h3 Bh5 19. Qa4 Qe7 20. Bxa5 Qe6 21. Kh2 Qf5
22. b4 Bf3 23. Qc2 Bxg2 24. Kxg2 Nf3 25. Qe2 Ng5 26. Na4 h5 27. Nc3 Qg6 28. a4
Ne6 29. Bb6 h4 30. Qe1 Ng5 31. Qd1 hxg3 32. fxg3 Ne6 33. Rc2 Qg5 34. Qe1 Qh6
35. Qf2 Be7 36. Ra2 Raa8 37. Nce2 g5 38. g4 Ng7 39. Ng3 Qh4 40. Bc7 Rf8 41. Be5
Nfe8 42. Bxg7 Nxg7 43. N1e2 f6 44. Qe1 Kf7 45. Qd1 Rh8 46. Ng1 Bd8 47. Raf2 Rh6
48. b5 Bc7 49. N3e2 Qxg4+ 50. Kh1 Rah8 51. Nf4 Qxd1 52. Rxd1 gxf4 53. exf4 Ba5
54. bxc6 bxc6 55. Rb2 Nf5 56. Rb7+ Ke6 57. Ra7 Bc3 58. Ra6 Rc8 59. Ne2 Rxh3+
60. Kg2 Rf3 61. Nxc3 Rxc3 0-1

[Event "39. Offene Stadtmeisterschaft"]
[Site "Bergisch Gladbach"]
[Date "2017.09.29"]
[Round "5.5"]
[White "Heckötter, Christian"]
[Black "Schnellbacher, Jan Eric"]
[Result "1-0"]
[WhiteElo "1972"]
[BlackElo "1757"]
[PlyCount "35"]
[EventDate "2017.??.??"]
[EventType "swiss"]
[EventRounds "7"]

1. d4 Nf6 2. Bg5 c5 3. Bxf6 gxf6 4. d5 Qb6 5. Qc1 f5 6. e3 Bg7 7. c3 Na6 8. Nd2
d6 9. a4 e5 10. Ne2 Qd8 11. g3 Bd7 12. Qc2 Rc8 13. Nc4 Qe7 14. Bh3 Nc7 15. Bxf5
Nxd5 16. Bxd7+ Qxd7 17. Rd1 Qe6 18. Qd3 1-0

[Event "39. Offene Stadtmeisterschaft"]
[Site "Bergisch Gladbach"]
[Date "2017.09.29"]
[Round "5.6"]
[White "Lobbes, Frank"]
[Black "Behle, Burkhard"]
[Result "1/2-1/2"]
[WhiteElo "1718"]
[BlackElo "1797"]
[PlyCount "21"]
[EventDate "2017.??.??"]
[EventType "swiss"]
[EventRounds "7"]

1. e4 c5 2. Nf3 Nc6 3. c3 e6 4. d4 d5 5. exd5 Qxd5 6. Be2 Nf6 7. O-O Be7 8. Na3
cxd4 9. Nb5 Qd8 10. Nfxd4 Nxd4 11. Qxd4 1/2-1/2